| 000 | 01097pam a2200325 a 4500 | ||
|---|---|---|---|
| 001 | 2370169 | ||
| 003 | ARRUPE | ||
| 005 | 20240216095917.0 | ||
| 008 | 840424s1984 nyu b 001 0 eng | ||
| 010 | _a 84042711 | ||
| 020 |
_a0394428137 : _c$19.95 |
||
| 040 |
_aDLC _cDLC _dDLC |
||
| 043 | _an-us--- | ||
| 050 | 0 | 0 |
_aD810.J4 _bW95 1984 |
| 082 | 0 | 0 |
_a940.53/15/03924 _219 |
| 100 | 1 |
_aWyman, David S. _952467 |
|
| 245 | 1 | 4 |
_aThe abandonment of the Jews : _bAmerica and the Holocaust, 1941-1945 / _cDavid S. Wyman. |
| 250 | _a1st ed. | ||
| 260 |
_aNew York : _bPantheon Books, _cc1984. |
||
| 300 |
_axv, 444 p. ; _c25 cm. |
||
| 500 | _aIncludes index. | ||
| 504 | _aBibliography: p. [421]-432. | ||
| 610 | 1 | 0 |
_aUnited States. _bWar Refugee Board. _952468 |
| 650 | 0 |
_aHolocaust, Jewish (1939-1945) _911269 |
|
| 650 | 0 |
_aWorld War, 1939-1945 _zUnited States. _929229 |
|
| 650 | 0 |
_aWorld War, 1939-1945 _xJews _xRescue _zUnited States. _952469 |
|
| 651 | 0 |
_aUnited States _xEmigration and immigration. _94676 |
|
| 906 |
_a7 _bcbc _corignew _d1 _eocip _f19 _gy-gencatlg |
||
| 942 |
_2lcc _cMONOGRAPH |
||
| 999 |
_c131806 _d131806 |
||